| 000 | 00700nam a2200217Ia 4500 | ||
|---|---|---|---|
| 003 | OSt | ||
| 005 | 20251010142430.0 | ||
| 008 | 220923b |||||||| |||| 00| 0 eng d | ||
| 020 | _a8170500664 | ||
| 037 | _cReference | ||
| 040 |
_aRTL _cRTL _beng |
||
| 041 |
_2eng _aeng |
||
| 084 |
_aV236.N88, M8/SC _qRTL |
||
| 100 |
_aDang, Satyapal. _9307798 |
||
| 245 | 0 |
_aGenesis of terrorism :an analytical study of Panjab terrorists _b |
|
| 260 |
_a New Delhi _bpatriot publishers _c1988 |
||
| 300 |
_aix,148 p. _ccm. _bIncludes bibliographical references and index. |
||
| 500 | _aAppendix :141-146p. | ||
| 942 |
_hV236.N88, M8/SC _cREF _2CC _n0 |
||
| 999 |
_c608868 _d608868 |
||